Language Quiz

Random Language or German Quiz

Germany Geography Words Quiz Stats

 Plays Quiz not verified by Sporcle

Score 0/19 Timer 15:00
0 Plays Today
English German % Correct
Biggest city in GermanyBerlin
96.1%
The capitol city of Germany is ____Berlin
96.1%
CityStadt
86.8%
GermanyDeutschland
81.6%
Second biggest city in GermanyHamburg
81.6%
WestWesten
75%
NorthNorden
75%
The second biggest city in Germany is in the ___Norden
75%
How many states are in Germany16
73.7%
Capitol CityHauptstadt
69.7%
English German % Correct
StateStaat
67.1%
The biggest city in germany is the (east, west, north, south)Osten
67.1%
SouthSuden
60.5%
Germany has ___ million people in it.82
44.7%
Foreigner Auslander
43.4%
How many times does Germany fit into the United States22
28.9%
EastOstern
19.7%
Germany is ____ half the size of Texashalb
6.6%
How many foreigners does Germany have7
2.6%

You're not logged in!

Compare scores with friends on all Sporcle quizzes.
OR
Log In

Show Comments

Extras

Created Feb 12, 2012ReportNominate
Tags:German Quiz, English, Germany

Top Quizzes Today


Score Distribution

Your Account Isn't Verified!

In order to create a playlist on Sporcle, you need to verify the email address you used during registration. Go to your Sporcle Settings to finish the process.

Report this User

Report this user for behavior that violates our Community Guidelines.

Details: